| 000 -LEADER |
| fixed length control field |
00892nam a22002297a 4500 |
| 008 - FIXED-LENGTH DATA ELEMENTS--GENERAL INFORMATION |
| fixed length control field |
150721b xxu||||| |||| 00| 0 eng d |
| 020 ## - INTERNATIONAL STANDARD BOOK NUMBER |
| International Standard Book Number |
9951889602 |
| 041 0# - LANGUAGE CODE |
| Language code of text/sound track or separate title |
eng |
| 041 0# - LANGUAGE CODE |
| Language code of text/sound track or separate title |
alb |
| 041 0# - LANGUAGE CODE |
| Language code of text/sound track or separate title |
srb |
| 080 ## - UNIVERSAL DECIMAL CLASSIFICATION NUMBER |
| Universal Decimal Classification number |
355.01 |
| Common auxiliary subdivision |
(469.51) |
| -- |
(092) |
| 100 ## - Rafti |
| Rafti |
Shala, Fatmire ; Todorovic, Mileva ; Suka, Kujtesa ; |
| 245 ## - TITLE STATEMENT |
| Title |
Dëgjoni çfarë themi ne : Hear what we are saying : Slusajte sta cemo vam reci : |
| Statement of responsibility, etc |
Intervista të drejtuara nga Fatmire Shala, Milena Todorovic ; Përkthyes kryesor Kujtesa Suka. |
| 250 ## - |
| -- |
Vëllimi 2 |
| 260 ## - |
| -- |
Prishtinë : |
| -- |
OMPF ; |
| -- |
2006. |
| 300 ## - |
| -- |
161 f.: |
| -- |
me il.; |
| -- |
23 cm. |
| 500 ## - |
| -- |
Parathënie = Preface = Predgovor : f. 6-7 |
| 500 ## - |
| -- |
Parathënie e librit = Foreword = Predgovor knjige / |
| 500 ## - |
| -- |
James Nicholls : f. 8-11 |
| 650 #0 - |
| -- |
Historia |
| 942 ## - ADDED ENTRY ELEMENTS (KOHA) |
| Source of classification or shelving scheme |
|
| Item type |
Books |